Statistics for The Oldest Football Players That Took Part In The World Cup 2014

Click here to take the quiz!

General Stats

  • This quiz has been taken 49 times
  • The average score is 8 of 15

Answer Stats

AgeCountryPlayer% Correct
36GermanyMiroslav Klose
85%
36Ivory CoastDidier Drogba
83%
36ItalyGianluigi Buffon
80%
35UruguayDiego Forlan
66%
36EnglandFrank Lampard
66%
33CameroonSamuel Eto'o
66%
33AustraliaTim Cahill
61%
34SpainXavi
61%
43ColombiaFaryd Mondragon
46%
35USATim Howard
44%
34BrazilJulio Cesar
39%
35MexicoRafael Marquez
39%
37GreeceGiorgos Karagounis
37%
33NetherlandsDirk Kuyt
20%
33ArgentinaHugo Campagnaro
5%

Score Distribution

Percentile by Number Answered

Percent of People with Each Score

Your Score History

You have not taken this quiz